Odborný česko-anglický slovník z oblasti ekonomické, obchodní, finanční a právní

Salvato in:
Dettagli Bibliografici
Autore principale: Oherová, Jana (Autore)
Ente Autore: Vysoká škola ekonomická v Praze. Katedra anglického jazyka (Autore)
Natura: Libro
Lingua:ceco
inglese
Pubblicazione: Praha Linde 1996
Edizione:2. rozš. vyd.
Soggetti:
Accesso online:Visualizza in OPAC
Tags: Aggiungi Tag
Nessun Tag, puoi essere il primo ad aggiungerne!!

MARC

LEADER 00000nam a2200000 a 4500
005 20260127134227.0
008 060615s1996 xr d 000 0 cze c
020 |a 8072010395 (viaz.) 
035 |a vtls008773448 
039 9 |a 200812041217  |b mschk03  |y 200606150914  |z msavuk02 
040 |a SAVUK  |b slo  |c SAVUK  |d STUSCHK1  |e AACR2 
041 0 |a cze  |a eng 
044 |a xr 
072 7 |a 81  |x Jazykoveda. Jazyky  |2 konspekt 
072 7 |a 33  |x Ekonómia  |2 konspekt 
080 |a 81'374.3  |2 2001 
080 |a 34  |2 2001 
080 |a 33  |2 2001 
080 |a 811.111  |2 2001 
080 |a 811.162.3  |2 2001 
245 1 0 |a Odborný česko-anglický slovník z oblasti ekonomické, obchodní, finanční a právní  |c kolektiv autorů katedry anglického jazyka Vysoké školy ekonomické v Praze ; Jana Oherová, za autorský kolektiv 
250 |a 2. rozš. vyd. 
260 |a Praha  |b Linde  |c 1996 
300 |a 917 s.  |c 21 cm 
500 |a Lit. 
650 0 7 |a právo  |2 SNKPH 
650 0 7 |a obchod  |2 SNKPH 
650 0 7 |a ekonómia  |2 SNKPH 
655 7 |a jazykové slovníky  |2 SNKPH 
700 1 |a Oherová, Jana  |4 aut 
710 2 |a Vysoká škola ekonomická v Praze.  |b Katedra anglického jazyka  |4 aut 
910 |a savuk 
910 |a SCHK95 
919 |a 80-7201-039-5 
999 |c 7216  |d 7216